| 000 | 00496nam a2200181Ia 4500 | ||
|---|---|---|---|
| 003 | GCL | ||
| 008 | 140319s9999 xx 000 0 eng d | ||
| 040 |
_aGCL / _cGCL |
||
| 082 | 0 | 4 |
_aCC _b962.16 _bW C |
| 100 | 1 | _aWIET, GASTON | |
| 245 | 1 | 0 |
_aCAIRO: CITY OF ART AND COMMERCE / _cWIET, GASTON |
| 700 | 1 | _aFEILER, SEYMOUR | |
| 260 |
_a[S.N] : _bGREENWOOD PRESS PUBLISHERS ، _c1964 |
||
| 300 | _a1970 P | ||
| 650 | 0 | 4 | _aCAIRO, EGYPT |
| 650 | 0 | 4 | _aCAIRO, SOCIAL LIFE AND CUSTOMS |
| 942 |
_2ddc _cBK |
||
| 999 |
_c20393 _d20393 |
||